| 000 | 00874nam a2200277 a 4500 | ||
|---|---|---|---|
| 001 | BRL_1345 | ||
| 005 | 20190320211147.0 | ||
| 008 | 080114s1977----nyuao#####---#000-0#eng-# | ||
| 020 | _a0442202903 | ||
| 041 | _aeng | ||
| 044 | _anyu | ||
| 050 | 4 |
_aTT753 _b.A45 1977 |
|
| 100 | 1 |
_aAmir, Ziva _d1930- _926591 |
|
| 245 | 1 | 0 |
_aArabesque _bdecorative needlework from the holy land _cZiva Amir ; photographs by Aliza Auerbach, Judy & Kenny, Benny Levanon. |
| 260 |
_aNew York _bVan Nostrand Reinhold _c1977 |
||
| 300 |
_a64 p. _bil., fotografías _c23 cm. |
||
| 500 | _aAu1586 | ||
| 650 | 1 | 4 |
_aLabores de aguja _xPatrones _926592 |
| 650 | 1 | 4 |
_aLabores de aguja _zIsrael _926593 |
| 650 | 1 | 4 |
_aBordado _xPatrones _926594 |
| 650 | 1 | 4 |
_aBordado _zIsrael _926595 |
| 700 | 1 |
_aAuerbach, Aliza _eil. _926596 |
|
| 700 | 1 |
_aLevanon, Benny _eil. _926597 |
|
| 902 | _aGRL | ||
| 942 |
_2lcc _cB |
||
| 999 |
_c10157 _d10157 |
||